SAT Grammar Errors - Matching (Sports) Quiz Stats

 Plays Quiz not verified by Sporcle

Challenge
Share
Tweet
Embed
Score 0/23 Timer 20:00
0 Plays Today
% Correct
Ambiguous Pronoun
66.7%
Pronoun Case
57.1%
Ending with a Preposition
57.1%
Fragment
54.8%
Passive Voice
52.4%
Noun Parallelism
52.4%
Wrong Connector
50%
Run-On
50%
Noun Agreement
50%
Adjective|Adverb Agreement
50%
Redundancy
47.6%
Adjective|Adverb Parallelism
47.6%
% Correct
Comparing Unlike Things
47.6%
Comparison Pronoun Case
45.2%
Verb Tense
42.9%
Pronoun Agreement
42.9%
Wrong Comparison Word
42.9%
Subject-Verb Agreement
40.5%
Diction
38.1%
Misplaced Modifier
38.1%
Verb Parallelism
38.1%
Comparison Parallelism
35.7%
Idiom
35.7%

You're not logged in!

Compare scores with friends on all Sporcle quizzes.
Join for Free
OR
Log In

You Might Also Like...

Show Comments

Extras

Top Quizzes Today


Score Distribution

Your Account Isn't Verified!

In order to create a playlist on Sporcle, you need to verify the email address you used during registration. Go to your Sporcle Settings to finish the process.

Report this User

Report this user for behavior that violates our Community Guidelines.

Details: